Pays du Monde ayant des voisines d'alphabet dans leur nom - Statistiques

Statistiques générales
  • Ce quiz a été pris 42 fois
    17 depuis la dernière actualisation
  • Le résultat moyen est 42 sur 73
Statistiques - réponses
Réponse % Correct
Azerbaïdjan
90%
Nouvelle-Zélande
90%
Afghanistan
80%
Australie
80%
Kiribati
80%
Saint-Christophe-et-Nièves
80%
Turkménistan
80%
Autriche
70%
Barbade
70%
Estonie
70%
Finlande
70%
Gabon
70%
Ghana
70%
Îles Salomon
70%
Norvège
70%
Pays-Bas
70%
Pologne
70%
Portugal
70%
Tadjikistan
70%
Turquie
70%
Tuvalu
70%
Vanuatu
70%
Albanie
60%
Antigua-et-Barbuda
60%
Bahamas
60%
Bangladesh
60%
Chili
60%
Djibouti
60%
États-Unis
60%
Îles Marshall
60%
Inde
60%
Indonésie
60%
Irlande
60%
Islande
60%
Japon
60%
Lettonie
60%
Liban
60%
Papouasie-Nouvelle-Guinée
60%
Tonga
60%
Tunisie
60%
Zimbabwe
60%
Chine
50%
Congo
50%
Costa Rica
50%
Cuba
50%
Grenade
50%
Hongrie
50%
Kazakhstan
50%
Kirghizistan
50%
Liechtenstein
50%
Lituanie
50%
Macédoine du Nord
50%
Micronésie
50%
Monaco
50%
Mongolie
50%
Monténégro
50%
Ouzbékistan
50%
Pakistan
50%
République Démocratique du Congo
50%
Singapour
50%
Trinité-et-Tobago
50%
Bahreïn
40%
Bhoutan
40%
Botswana
40%
Corée du Nord
40%
Fidji
40%
Honduras
40%
Israël
40%
Philippines
40%
Sierra Leone
40%
Sri Lanka
40%
Thaïlande
40%
Éthiopie
30%
Aucun quiz correspondant
Distribution des résultats
% des personnes avec chaque résultat
Percentile par nombre de réponses
Votre historique - résultats
Vous n’avez pas pris ce quiz depuis la dernière actualisation